000 00379nam a2200157Ia 4500
003 OSt
005 20240208155053.0
008 170523s9999 xx 000 0 und d
020 _a978-0137179435
040 _ciimt university meerut
100 _aADAM- EVERETT E
245 0 _aPRODUCTION AND OPERATION MANAGEMENT
260 _bNEW DELHI PHI
260 _c1995
942 _2ddc
_c02
999 _c428
_d428